Cities by letter-E - Statistics

General Stats
  • This quiz has been taken 31 times
  • The average score is 16 of 40
Answer Stats
Hint City % Correct
40) Texas city similarly spelled as Scotlands capital,without the H Edinburg
100%
3) City in CA that means "Ive foundit!" in Greek Eureka
94%
9) New Jersey city named for thefamous lightbulb engineer Edison
90%
20) Capital of Alberta Edmonton
87%
7) West Texas city on the Mexicanborder from Juarez El Paso
87%
1) The historic capital of Scotland Edinburgh
84%
4) City in western PA on the lakeof the same name Erie
84%
2) Male name or a city in Oregon Eugene
84%
11) Female name or a city in New Jerseynear NYC Elizabeth
71%
24) 2nd largest city in the Ruhr area ofWestern Germany Essen
71%
6) This Wisconsin city means "clear waters" in French Eau Claire
68%
30) 2nd largest city in Finland Espoo
58%
38) South African city named for the capital of the UK East London
55%
23) The technology hub city of the Netherlands Eindhoven
52%
34) Capital of the Kurdistan region of Iraq Erbil
48%
26) 5th largest city in Denmark Esbjerg
39%
33) NW Turkish city on the Bulgaria-Greek borderthat was once an Ottoman capital Edirne
35%
18) New Mexico city or the Spanishword for Spanish Espanola
32%
5) Home of Northwestern University Evanston
29%
13) Seattle suburb and a main port onthe Puget Sound of Washington Everett
29%
14) Suburb of Hawaiis' capital city East Honolulu
26%
12) Indiana city on the Ohio river of theKentucky border Evansville
26%
28) Historic Spanish city in the Alicante region Elche
23%
10) CA city near Sacramento that sharesa name with a type of deer Elk Grove
23%
39) The coal mining hub of Nigeria Enugu
23%
8) Home to Michigan State Univerisity East Lansing
19%
32) The ancient Library of Celsus is a featureof this Turkish city Ephesus
19%
37) "Capital" of the remote Tristan Da Cunha islandin the Atlantic Edinburgh of the Seven Seas
16%
29) 2nd largest city in Andorra Escaldes
13%
36) Historic city on the coast of western Morocco Essaouira
13%
17) TX border city on the Coahuila border with Mexico Eagle Pass
10%
15) Town on Cape Cod, Mass knownfor its beaches and lighthouses Eastham
10%
16) NJ township near Atlantic City,shares a name with popular breakfast food Egg Harbor
10%
25) 3 letter French city on the Riviera nearMonaco Eze
10%
22) 3rd largest city in Paraguay Encarnacion
6%
19) Type of tall tree or a city in Montana Evergreen
6%
35) Largest city on the Sinai peninsula of Egypt El Arish
3%
21) New Brunswick city lies across theborder from Madawaska, Maine Edmundston
0%
31) Ukrainian city on the Dnieper riverin the Zaporizhzhia oblast Enerhodar
0%
27) Swiss alpine town in the Obwalden cantonnear Mt Titlis Engelberg
0%
No matching quizzes found
Score Distribution
Percent of People with Each Score
Percentile by Number Answered
Your Score History
You have not taken this quiz